แสดงรายละเอียดบรรณานุกรม
  กลับหน้าหลัก

Brief Record : Get Marc (ISO 2709) : E-mail record : QR code ปิดหน้าต่าง
E-books : เกี่ยวกับ Collections
LEADER 00000nam 2200000uu 4500
001    211316
003     ULIBM
008    020711s2015 th a 000 0 eng d
020    9781118528020
041    ^aeng
060  4 WQ160 F981 2015
245    Fundamentals of midwifery :^ba textbook for students/^cedited by Louise Lewis
260    Malden,Ma :^bWiley Blackwell,^c2015
300    xiv,423 pages :^bill ;^c24 cm
504    ^aIncludes biblographical references and index
650  4 ^aMidwifery^xTextbook
650  4 ^aMidwifery^xmethods^xGreat Britain
700 0  ^aLewis, Louise,^eed.
999    ^aใช้งานได้ทุกระบบ
รายการนี้ยังไม่มีแท็ก
คุณยังไม่ได้ล็อกอิน คุณสามารถมีกิจกรรมร่วมกับเว็บไซต์ได้ แต่ต้องล็อกอินก่อน ::
  ล็อกอิน
ลำดับที่ ประเภท เลขเรียก สถานที่ สถานะ
1. หนังสือทั่วไป
หนังสือทั่วไป
WQ160 F981 2015 c.1 
  
วิทยาศาสตร์สุขภาพ On Shelf
  ขอยืม
Note:งบประมาณปี2559
   [แสดง 1/1 รายการ]

BibComment


ยังไม่เคยถูกคอมเมนท์

คอมเมนท์ทรัพยากรรายการนี้
  คอมเมนท์: Fundamentals of m..
Bib 211316

 
 
 

 Union Library Management : ULibM
Copyright 2026. All Rights Reserved.
скачать бесплатно без регистрации порно красивый секс HD Sex Hindi sex

xxx gou

xxxx

bfxxx

xxxwww

Секса Видео

xxxx

Секса Видео

detube

geilexxx

C99 Shell

worms shell

blod xxx video
Ebony Coed Rihanna Rimes Takes A Dick In Her Young Twat priyaa indian fuck anal and pusssy hardcore indian women xxx desi hardcore fucking part 1 bengalixxxcouple